| 000 | 00467 a2200157 4500 | ||
|---|---|---|---|
| 003 | Nust | ||
| 005 | 20170207171533.0 | ||
| 020 | _a9780470613030 | ||
| 040 | _cNust | ||
| 082 | _a005.8 | ||
| 100 | _aLigh, Michael Hale | ||
| 245 |
_aMalware analyst’s Cookbook and DVD: tools and techniques for fighting malicious code (EBOOK) _cMichael Hale Ligh and Steven Adair |
||
| 260 |
_aIndianapolis _bJohn Wiley _c2011 |
||
| 300 | _a746 p. | ||
| 650 | _aMalware analyst’s Cookbook | ||
| 942 |
_2ddc _cBK |
||
| 999 |
_c217085 _d217085 |
||